Paesi che iniziano con le doppie consonanti - Statistics

Statistiche generali
  • Questo quiz è stato fatto 766 volte
  • Il punteggio medio è 11 su 18
Statistiche sulle risposte
Doppie consonanti % Corretto
Svezia
79%
Spagna
78%
Francia
77%
Brasile
76%
Stati Uniti
68%
Croazia
66%
Svizzera
66%
Grecia
64%
Slovenia
64%
Slovacchia
63%
Brunei
52%
Bhutan
49%
Sri Lanka
49%
Swaziland
49%
Trinidad e Tobago
46%
Thailandia
45%
Grenada
39%
Ghana
38%
Nessun quiz corrispondente trovato
Distribuzione punteggi
Percentuale di utenti per punteggio
Percentile per numero di risposta
I tuoi punteggi nel tempo
Non hai fatto questo quiz